| 000 | 00436pam a2200157a 44500 | ||
|---|---|---|---|
| 008 | 230515b2013 xxu||||| |||| 00| 0 eng d | ||
| 020 | _aNULL | ||
| 041 | _aENGLISH | ||
| 082 | _a1 | ||
| 100 | _aCHOUGULE MAHESH MAHAVIR | ||
| 245 | _aEFFICACY OF KHARJURADILEHA ON KASA W.S.R. TO URITIN CHILDREN. | ||
| 250 | _a1 | ||
| 260 |
_a _bN.D. _c2013 |
||
| 300 | _a500 | ||
| 650 | _aEFFICACY OF KHARJURADILEHA ON KASA W.S.R. TO URITIN CHILDREN. | ||
| 999 |
_c498567 _d498567 |
||